| 000 | 01361nam a2200385 i 4500 | ||
|---|---|---|---|
| 001 | 192968 | ||
| 003 | SpMaBN | ||
| 005 | 20250815050811.0 | ||
| 007 | ta | ||
| 008 | 230713s1980 sp spa | ||
| 016 | 7 |
_abimoBNE19981163898 _2SpMaBN |
|
| 017 |
_aM 23040-1980 _bOficina Depósito Legal Madrid |
||
| 020 | _a8432302570 | ||
| 035 | _aIND9200314033 | ||
| 035 | _a(OCoLC)431581567 | ||
| 035 | _abimo0000872574 | ||
| 040 |
_aSpMaBN _bspa _cA2 _dES-MaACL |
||
| 080 | _a1(43)"16/18" | ||
| 245 | 0 | 3 |
_aLa filosofía alemana de Leibniz a Hegel / _c[ha colaborado Yvon Belaval ][et al.] ; bajo la dirección de Yvon Belaval ; traductores José María Artola Barrenechea [et al.] |
| 250 | _a4ª ed. | ||
| 260 |
_aMadrid : _bSiglo XXI, _c1980. |
||
| 300 |
_a459 p. ; _c18 cm |
||
| 336 |
_2rdacontent _aTexto |
||
| 337 |
_2rdamedia _asin mediación |
||
| 338 |
_2rdacarrier _avolumen |
||
| 490 | 1 |
_aHistoria de la filosofía siglo XXI ; _v7 |
|
| 650 | 7 |
_aFilosofía- _zAlemania- _yS.XVIII _9162422 |
|
| 650 | 7 |
_aFilosofía- _zAlemania- _yS.XVII _2embne _9233699 |
|
| 650 | 7 |
_aFilosofía- _zAlemania- _yS.XIX _9144630 |
|
| 700 | 0 |
_aBelaval, Yvon _927130 |
|
| 830 | 0 |
_aHistoria de la filosofía (Siglo XXI) _v7 _9233698 |
|
| 942 |
_n0 _cMONOGRAFIA |
||
| 999 |
_c192968 _d192968 |
||